00293nam a2200109 a 450000500170000000800410001705000170005810000180007524500420009326000420013544000060017720140414131917.0101019s19uu xx 00 eng d aERbAd1 2008 aLumry, Amanda aAdventures of Riley :bProject Panda. aNew York :bScholastic Press,c2008. a